Se alquila esta ventana /

Gorde:
Xehetasun bibliografikoak
Egile nagusia: Venegas Castaing, Jorge Arturo
Formatua: Ezezaguna
Hizkuntza:Spanish
Argitaratua: San José, Costa Rica : EDUCA, 1989.
Gaiak:
Etiketak: Etiketa erantsi
Etiketarik gabe, Izan zaitez lehena erregistro honi etiketa jartzen!

MARC

LEADER 000000000a22000000004500
001 002122
008 200205b xxu||||| |||| 00| 0 spa d
020 |a 9977-30-134-4 
041 0 |a español 
082 |a CR861.4  |b V455s 
100 1 |a Venegas Castaing, Jorge Arturo 
245 1 0 |a Se alquila esta ventana /  |c Jorge Arturo Venegas Castaing. 
260 1 |a San José, Costa Rica :  |b EDUCA,  |c 1989. 
300 |a 64 páginas 
650 4 |a LITERATURA COSTARRICENSE  |9 76 
650 4 |a POESIA  |9 159 
942 |2 ddc  |c BK 
999 |c 2991  |d 2991